书目信息 |
| 题名: |
教育评估和督导
|
|
| 作者: | 刘淑兰 主编 | |
| 分册: | ||
| 出版信息: | 上海 华东师范大学出版社 2000 |
|
| 页数: | 306页 | |
| 开本: | 21cm | |
| 丛书名: | ||
| 单 册: | ||
| 中图分类: | G40-058.1 , G464 | |
| 科图分类: | ||
| 主题词: | 教育评估--高等教育--自学参考资料 , 教育视导--高等教育--自学参考资料 | |
| 电子资源: | ||
| ISBN: | 978-7-5617-2330-2 | |
| 000 | 00940nam0 2200277 450 | |
| 001 | 1570208203 | |
| 005 | 20150117193053.03 | |
| 010 | @a978-7-5617-2330-2@dCNY12.50 | |
| 100 | @a20121206e20082000em y0chiy50 ea | |
| 101 | 0 | @achi |
| 102 | @aCN@b310000 | |
| 105 | @ay z 000yy | |
| 200 | 1 | @a教育评估和督导@9jiao yu ping gu he du dao@f刘淑兰主编 |
| 210 | @a上海@c华东师范大学出版社@d2000@h2008重印 | |
| 215 | @a306页@d21cm | |
| 300 | @a全国高等教育自学考试指定教材 教育管理专业 课程代码 0450 | |
| 304 | @a全国高等教育自学考试指导委员会组编 | |
| 304 | @a附:教育评估和督导自学考试大纲 | |
| 330 | @a本书立足考试大纲,内容包括:教育评估概述、教育诸领域的评估、教育督导。 | |
| 606 | 0 | @a教育评估@x高等教育@j自学参考资料 |
| 606 | 0 | @a教育视导@x高等教育@j自学参考资料 |
| 690 | @aG40-058.1@v5 | |
| 690 | @aG464@v5 | |
| 701 | 0 | @a刘淑兰@9liu shu lan@c(教育学)@4主编 |
| 801 | 0 | @aCN@bTSSF@c20150117 |
| 905 | @aZUCC@dG40-058.1@eJY1 | |
| 教育评估和督导/刘淑兰主编.-上海:华东师范大学出版社,2000(2008重印) |
| 306页;21cm |
| 全国高等教育自学考试指定教材 教育管理专业 课程代码 0450 |
| ISBN 978-7-5617-2330-2:CNY12.50 |
| 本书立足考试大纲,内容包括:教育评估概述、教育诸领域的评估、教育督导。 |
| ● |
| 相关链接 |
|
|
|
|
正题名:教育评估和督导
索取号:G40-058.1/JY1
 
预约/预借
| 序号 | 登录号 | 条形码 | 馆藏地/架位号 | 状态 | 备注 |
| 1 | 7852358 | 278523581 | 学院路分馆/ [索取号:G40-058.1/JY1] | 在馆 | |
| 2 | 7852359 | 278523590 | 学院路分馆/ [索取号:G40-058.1/JY1] | 在馆 | |
| 3 | 7852360 | 278523607 | 学院路分馆/ [索取号:G40-058.1/JY1] | 在馆 | |
| 4 | 7852361 | 278523616 | 学院路分馆/ [索取号:G40-058.1/JY1] | 在馆 |